00594nam a2200193Ia 450000500170000000800410001704000190005804100120007708200190008910000220010824501170013026000470024730000110029450400190030565000230032465100190034770000240036685000100039020220719163106.0131103s9999 xx 000 0 und d aLoreto College aEnglish a821.1bCHA-HUS aChaucer, Geoffrey 4aThe merchant's prologue and talecGeoffrey Chaucer;edited with introduction,notes and glossary by Maurice Hussey aNew YorkbCambridge university pressc1966 a110p.  aIncludes index aEnglish Literature aEnglish poetry 4ed.aHussey,Maurice aLCLIB